| 000 | 00855cam a2200277 i 4500 | ||
|---|---|---|---|
| 001 | bg | ||
| 003 | KOSZ 005 | ||
| 005 | 20200519144709.0 | ||
| 008 | 040210s1975 pl a f f |000 0 pol | ||
| 015 | _aPB 1975/6914 | ||
| 040 |
_aWA N _cKOSZ 005/HR _dKOSZ 005/HR |
||
| 080 | _a624.011.1 | ||
| 080 | _a694 | ||
| 080 | _a(07) | ||
| 100 | 1 |
_aGołębiowski, Zygmunt _eAutor |
|
| 245 | 1 | 0 |
_aKonstrukcje drewniane / _cZygmunt Gołębiowski. |
| 250 | _aWyd. 5 przer. | ||
| 260 |
_aWarszawa ; _aŁódź : _bPańst. Wydaw. Naukowe, _c1975. |
||
| 300 |
_a193, [2] s. : _bil., tab., wykr. ; _c25 cm. |
||
| 504 | _aBibliogr. | ||
| 655 | 4 | _aPodręcznik | |
| 650 | 4 | _aKonstrukcje drewniane | |
| 650 | 4 | _aCiesielstwo | |
| 856 |
_uhttp://koha.tu.koszalin.pl/cgi-bin/koha/opac-detail.pl?biblionumber=422 _yKatalog online BPK |
||
| 942 |
_2UKD _cKS |
||
| 999 |
_c422 _d422 |
||